000 00473nam a2200181Ia 4500
001 3906
005 20260306145717.0
008 260306t2019||||xx |||||||||||||| ||spa||
041 _aESP
082 _a305.40985
_bR84
100 _aRosas Lauro, Claudia
_eAUT
245 0 _aGénero y mujeres en la historia del Perú:
_bdel hogar al espacio público
260 _c2019
300 _a631 páginas :
_c24 cm.
650 _aGEN
654 _aCHU
942 _cLIB
_dJUS
_fJUS
_2ddc
_n
999 _c3906
_d3906